00969nam a2200157Ia 450000500170000000800410001708200160005810000190007424500930009326000410018630000130022750004520024094200060069295200980069899900150079620240502062152.0240331s9999 xx 000 0 und d bHOLa331.62 aHollup, Oddvar 0aBonded labour :bcaste and cultural identity among Tamil plantation workers in Sri Lanka aNew DelhibCharles subasinghe & sons a330 p ., aThis book is concerned with how the descendants of Indian Tamils in Sri Lanka have adapted themselves to the changing conditions on the plantations as well as to the larger society in the country. it shows how their ancestors, brought over as 'coolies' to work first on coffee and then in tea and rubber plantations, managed to survive their experiences as anonymous units in an industrial system and were able to preserve their cultural identity. cL 001040708LaWERCLbWERCLcSSCd2024-03-31l0o 331.62 HOLp5057r2024-03-31w2024-03-31yL c2684d2684